01171nam a2200301 a 450000100060000000300090000600800410001502000150005604000280007108200160009910000450011524500240016026000480018430000100023249000290024259000470027165000310031865000270034965000270037665000250040365000430042865000300047165000350050194200120053699900170054895201510056595201530071618855CO-ViMGA141112s2004 ck r 000 u spa d a9583006947 aCO-ViMGAbspacCO-ViMGA04a861.08 G3531 aHernández, Carlos Nicolas, comp92691610aGeneración del 98 aBogotá : bPanAméricana Editorial; 2000 a92 p. aCuadernillos de poesía aForma de adquisición : Premio Mincultura14aJIMENEZ, JUAN RAMON92691714aMACHADO, ANTONIO9610314aMACHADO, MANUEL92691814aPOESIA AMOROSA9251014aPOESIA ESPAÑOLA - COLECCIONES92691914aUNAMUNO, MIGUEL DE92692014aVALLE INCLAN, RAMON DEL926921 2ddccBK c28083d28083 01102ddc41708003aMEVIECARbMEVIECARd2015-12-04hVolumen. 1 | 11/jun/2009l0o861.08 G353 p18855r2015-12-04 00:00:00tEj. 1w2015-12-04yBK 00102ddc40708012aMEGRANADbMEGRANADcLITd2026-03-02eBIBLIOTECA NACIONALl0o861.08 G353pGRDA02140r2026-03-02 20:23:55tEj.1w2026-03-02yBK